| 000 | 00742nam a2200229 a 4500 | ||
|---|---|---|---|
| 001 | 45923 | ||
| 003 | BD-RjUL | ||
| 005 | 20211209054102.0 | ||
| 008 | 160728s1964 EN a|||| |b|| 001 0 eng d | ||
| 035 | _a(BD-RjUL)46041 | ||
| 040 |
_aBD-RjUL _beng _cBD-RjUL |
||
| 041 | _aeng | ||
| 082 |
_223 _a301.452 _bFIC 1964 |
||
| 100 | 1 |
_a Yame, B S _9140438 |
|
| 245 | 1 | 0 |
_aCapital, saving and credit in present societies : _b studies from Asia, Oceania the caribben and middle America / _cB S Yamey; Raymond Firth |
| 260 |
_aLondon : _bAllied & Unwir, _c1969. |
||
| 300 |
_a399 p. : _bill. ; _c23 cm. |
||
| 650 |
_2 . _aSociology, _x Rural _9140439 |
||
| 650 |
_aAnthropology. _9140440 |
||
| 700 |
_aFirth, Raymond _9140441 |
||
| 942 |
_2ddc _cBK |
||
| 999 |
_c45923 _d45923 |
||